| 000 | 00000nam##2200000za#4500 |
| 001 | 9.613331 |
| 003 | CaOODSP |
| 005 | 20200327130727 |
| 007 | ta |
| 008 | 150406|1996||||xxc||||| f|0| 0 eng|d |
| 022 | |a0706-6457 |
| 040 | |aCaOODSP|beng |
| 043 | |an-cn--- |
| 086 | 1 |aFs97-6/2105E |
| 110 | 1 |aCanada. |bDepartment of Fisheries and Oceans. |
| 245 | 14|aThe effects of time and size at release on returns at maturity of chinook salmon from Quinsam River Hatchery, B.C., 1982 and 1983 releases / |cby R. B. Morley et al. |
| 260 | |aOttawa - Ontario : |bFisheries and Oceans Canada |c1996. |
| 300 | |avi, 88p. : |bfig., map, references, tables ; |c28 cm. |
| 490 | 1 |aCanadian technical report of fisheries and aquatic sciences|x0706-6457|v2105 |
| 500 | |aPrepared at the Department of Fisheries, Fisheries Research Branch, Pacific Biological Station, Nanaimo, British Columbia V9R 5K9. |
| 546 | |aRésumés en français |
| 563 | |aSoftcover |
| 590 | |a96-36|b1996-09-06 |
| 720 | 1 |aMorley, R. B. |
| 776 | 0#|tThe effects of time and size at release on returns at maturity of chinook salmon from Quinsam River Hatchery, B.C., 1982 and 1983 releases / |w(CaOODSP)9.574076 |
| 830 | #0|aCanadian technical report of fisheries and aquatic sciences,|x0706-6457|v2105|w(CaOODSP)9.514691 |